000 00281nam a22001337a 4500
008 170919b xxu||||| |||| 00| 0 eng d
020 _a9781570624841
041 _aeng
080 _a7
100 _a44
101 _aART
245 _aGRAPHIC FRAMES
_cSHAMBHALA
942 _2udc
_cBK
999 _c28235
_d28235